Microeconomics : (Record no. 19538)

000 -LEADER
fixed length control field 01197cam a2200337 a 4500
001 - CONTROL NUMBER
control field 16123376
005 - DATE AND TIME OF LATEST TRANSACTION
control field 20170117083051.0
008 - FIXED-LENGTH DATA ELEMENTS--GENERAL INFORMATION
fixed length control field 100308s2011 ohua 001 0 eng d
010 ## - LIBRARY OF CONGRESS CONTROL NUMBER
LC control number 2010924201
020 ## - INTERNATIONAL STANDARD BOOK NUMBER
International Standard Book Number 9781439038994
020 ## - INTERNATIONAL STANDARD BOOK NUMBER
International Standard Book Number 1439038996
035 ## - SYSTEM CONTROL NUMBER
System control number (OCoLC)ocn496962585
042 ## - AUTHENTICATION CODE
Authentication code lccopycat
050 00 - LIBRARY OF CONGRESS CALL NUMBER
Classification number HB172
Item number .B37 2011
100 1# - MAIN ENTRY--PERSONAL NAME
Personal name Baumol, William J.
245 10 - TITLE STATEMENT
Title Microeconomics :
Remainder of title principles and policy /
Statement of responsibility, etc. William J. Baumol, Alan S. Blinder.
246 18 - VARYING FORM OF TITLE
Title proper/short title Microeconomics :
Remainder of title principles & policy
250 ## - EDITION STATEMENT
Edition statement Eleventh Edition 2010 update.
260 ## - PUBLICATION, DISTRIBUTION, ETC. (IMPRINT)
Place of publication, distribution, etc. Mason, OH :
Name of publisher, distributor, etc. South-Western, Cengage Learning,
Date of publication, distribution, etc. c2011.
300 ## - PHYSICAL DESCRIPTION
Extent xxx, 518 p. :
Other physical details col. ill. ;
Dimensions 27 cm.
500 ## - GENERAL NOTE
General note Includes index.
650 #0 - SUBJECT ADDED ENTRY--TOPICAL TERM
Topical term or geographic name as entry element Microeconomics.
650 #7 - SUBJECT ADDED ENTRY--TOPICAL TERM
Topical term or geographic name as entry element Microeconomics.
Source of heading or term fast
650 #7 - SUBJECT ADDED ENTRY--TOPICAL TERM
Topical term or geographic name as entry element Mikroökonomie.
Source of heading or term gnd
650 #7 - SUBJECT ADDED ENTRY--TOPICAL TERM
Topical term or geographic name as entry element Mikroökonomie.
Source of heading or term idszbz
700 1# - ADDED ENTRY--PERSONAL NAME
Personal name Blinder, Alan S.
942 ## - ADDED ENTRY ELEMENTS (KOHA)
Source of classification or shelving scheme
Koha item type Hard Covered Materials
Classification part HB 172 .B38 2011
Holdings
Withdrawn status Lost status Source of classification or shelving scheme Damaged status Not for loan Home library Current library Shelving location Date acquired Source of acquisition Total Checkouts Full call number Barcode Date last seen Price effective from Koha item type
          MACHAKOS UNIVERSITY LIBRARY MACHAKOS UNIVERSITY LIBRARY Technical section 17/01/2017 Donation(BFA)   HB 172 .B38 2011 30111 05/07/2018 17/01/2017 Hard Covered Materials
          MACHAKOS UNIVERSITY LIBRARY MACHAKOS UNIVERSITY LIBRARY Technical section 17/01/2017 Donation(BFA)   HB 172 .B38 2011 30112 12/06/2018 17/01/2017 Hard Covered Materials
© Machakos University Library, Along The Highway, Machakos Wote Rd, Machakos, Kenya P.O. Box 136 - 90100 Machakos - Kenya

Tel: ( +254 ) 723 805829 OR Fax : 044-20353 OR Email: library@mksu.ac.ke